000 01818cam a22004214i 4500
003 PE-LiUPU
005 20250731184055.0
008 150617s r 000 0 d
035 _a(Sirsi) a18331
040 _aPE-LiUPU
_bspa
_cPE-LiUPU
_erda
049 _aPRUA
082 0 4 _a803.3
_bC / A66
_221
100 1 _aJuan Arbó, Sebastián,
_d1902-1984,
_eautor.
245 1 0 _aRelatos del delta /
_cSebastián Juan Arbó.
264 1 _aBarcelona :
_bMateu,
_c1965.
300 _a299 páginas ;
_c19 cm.
336 _atext
_2rdacontent
337 _aunmediated
_2rdamedia
338 _avolume
_2rdacarrier
490 0 _aLa Colección Pluma ;
_v30
505 0 _aMientras se pasa el río. -La higuera maldita y el cuento del Boni. -Mi primo Quico. -El valent. -"Canela". -El tonto. -La riña. -La pigada. -El viejo Juan. -La velada en la masía. -Los cantadore.
526 _aP145
526 _aP127
526 _aP97
526 _aP14
526 _aP07
650 0 4 _aLiteratura española
_ySiglo XX.
910 _ajck
_bjvq
_cjck
_d20150616
942 _2ddc
_cBOOK
949 _a803.3 C / A66
_wDEWEY
_c1
_i19923
_lCCODEBUL1
_mBUL
_p00.00
_r0
_sY
_tBOOK
_u19811216
_xEDUCACION
_zUNKNOWN
_0COMPRA
_o.STAFF. Colección General
949 _a803.3 C / A66
_wDEWEY
_c2
_i19922
_lCCODEBUL1
_mBUL
_p00.00
_r0
_sY
_tBOOK
_u19811216
_xEDUCACION
_zUNKNOWN
_0COMPRA
_o.STAFF. Colección General
994 _aC0
_bPEPRU
596 _a1
999 _a803.3 C / A66
_wDEWEY
_c18011
_i19923
_f2021-11-5
_g5
_lCCODEBUL1
_mBUL
_r0
_sY
_tBOOK
_u2015-6-17
_xBIBLIOTECA
_zUNKNOWN
_0COMPRA
_o.STAFF. Colección General
_d18011
999 _a803.3 C / A66
_wDEWEY
_c2
_i19922
_f2021-11-5
_g5
_lCCODEBUL1
_mBUL
_r0
_sY
_tBOOK
_u2015-6-17
_xBIBLIOTECA
_zUNKNOWN
_0COMPRA
_o.STAFF. Colección General
980 _81
_gALBERTO SANCHEZ Responsable de Automatización